Plant variation and evolution / (Record no. 67141)
[ view plain ]
| 000 -LEADER | |
|---|---|
| fixed length control field | 01034nam a2200313 a 4500 |
| 001 - CONTROL NUMBER | |
| control field | 67141 |
| 003 - CONTROL NUMBER IDENTIFIER | |
| rucl marc code | BD-RjUL |
| 005 - DATE AND TIME OF LATEST TRANSACTION | |
| control field | 20211209081623.0 |
| 008 - FIXED-LENGTH DATA ELEMENTS--GENERAL INFORMATION | |
| fixed length control field | 170322s1997 nyuab 001 0 eng |
| 020 ## - INTERNATIONAL STANDARD BOOK NUMBER | |
| International Standard Book Number | 0521452953(hb) |
| International Standard Book Number | 0521459184 (pbk.) |
| 035 ## - SYSTEM CONTROL NUMBER | |
| System control number | (BD-RjUL)67272 |
| 040 ## - CATALOGING SOURCE | |
| Original cataloging agency | DLC |
| Transcribing agency | DLC |
| Modifying agency | BD-RjUL |
| Language of cataloging | eng |
| 041 ## - LANGUAGE CODE | |
| Language code of text/sound track or separate title | eng |
| 082 00 - DEWEY DECIMAL CLASSIFICATION NUMBER | |
| Classification number | 581.38 |
| Edition number | 23 |
| Author mark and year | BRP 1997 |
| 100 1# - MAIN ENTRY--PERSONAL NAME | |
| Personal name | Briggs, D. |
| Fuller form of name | (David), |
| 9 (RLIN) | 198893 |
| 245 10 - TITLE STATEMENT | |
| Title | Plant variation and evolution / |
| Statement of responsibility, etc. | D. Briggs & S.M. Walters. |
| 250 ## - EDITION STATEMENT | |
| Edition statement | 3rd ed. |
| 260 ## - PUBLICATION, DISTRIBUTION, ETC. (IMPRINT) | |
| Place of publication, distribution, etc. | New York : |
| Name of publisher, distributor, etc. | Cambridge University Press, |
| Date of publication, distribution, etc. | c1997. |
| 300 ## - PHYSICAL DESCRIPTION | |
| Pagination | xiv, 512 p. : |
| Illustrations | ill. ; |
| Size | 24 cm. |
| 500 ## - GENERAL NOTE | |
| General note | Includes Indexes. |
| 650 #0 - SUBJECT ADDED ENTRY--TOPICAL TERM | |
| Topical term or geographic name as entry element | Plants |
| General subdivision | Variation. |
| 9 (RLIN) | 198894 |
| Topical term or geographic name as entry element | Plants |
| General subdivision | Evolution. |
| 9 (RLIN) | 35272 |
| 700 1# - ADDED ENTRY--PERSONAL NAME | |
| Personal name | Walters, S. M. |
| Dates associated with a name | (Stuart Max) |
| 856 42 - ELECTRONIC LOCATION AND ACCESS | |
| Materials specified | Publisher description |
| Uniform Resource Identifier | <a href="http://www.loc.gov/catdir/description/cam028/96039293.html">http://www.loc.gov/catdir/description/cam028/96039293.html</a> |
| Materials specified | Table of contents |
| Uniform Resource Identifier | <a href="http://www.loc.gov/catdir/toc/cam029/96039293.html">http://www.loc.gov/catdir/toc/cam029/96039293.html</a> |
| 942 ## - ADDED ENTRY ELEMENTS (KOHA) | |
| Source of classification or shelving scheme | Dewey Decimal Classification |
| Koha item type | Books |
| Lost status | Source of classification or shelving scheme | Damaged status | Not for loan | Collection code | Permanent Location | Current Location | Shelving location | Date acquired | Source of acquisition | Cost, normal purchase price | Total Checkouts | Full call number | Date last seen | Copy number | Koha item type |
|---|---|---|---|---|---|---|---|---|---|---|---|---|---|---|---|
| Dewey Decimal Classification | Not For Loan | Non-fiction | Central Library, University of Rajshahi | Central Library, University of Rajshahi | Reading Room | 17/05/2007 | Dhaka, Paragon Enterprises Ltd. | 29.99 | 581.38 BRP 1997 | 22/03/2017 | C-1 | Books |